<?xml version="1.0" encoding="UTF-8"?><?xml-stylesheet type="text/xsl" href="static/style.xsl"?><OAI-PMH xmlns="http://www.openarchives.org/OAI/2.0/" xmlns:xsi="http://www.w3.org/2001/XMLSchema-instance" xsi:schemaLocation="http://www.openarchives.org/OAI/2.0/ http://www.openarchives.org/OAI/2.0/OAI-PMH.xsd"><responseDate>2026-04-14T02:04:34Z</responseDate><request verb="GetRecord" identifier="oai:www.recercat.cat:2072/488269" metadataPrefix="marc">https://recercat.cat/oai/request</request><GetRecord><record><header><identifier>oai:recercat.cat:2072/488269</identifier><datestamp>2025-10-27T14:02:23Z</datestamp><setSpec>com_2072_98</setSpec><setSpec>col_2072_378192</setSpec></header><metadata><record xmlns="http://www.loc.gov/MARC21/slim" xmlns:dcterms="http://purl.org/dc/terms/" xmlns:xsi="http://www.w3.org/2001/XMLSchema-instance" xmlns:doc="http://www.lyncode.com/xoai" xsi:schemaLocation="http://www.loc.gov/MARC21/slim http://www.loc.gov/standards/marcxml/schema/MARC21slim.xsd">
   <leader>00925njm 22002777a 4500</leader>
   <datafield ind2=" " ind1=" " tag="042">
      <subfield code="a">dc</subfield>
   </datafield>
   <datafield ind2=" " ind1=" " tag="720">
      <subfield code="a">López Gordo, Sandra</subfield>
      <subfield code="e">author</subfield>
   </datafield>
   <datafield ind2=" " ind1=" " tag="720">
      <subfield code="a">Ramirez-Maldonado, Elena</subfield>
      <subfield code="e">author</subfield>
   </datafield>
   <datafield ind2=" " ind1=" " tag="720">
      <subfield code="a">Fernandez-Planas, Maria Teresa</subfield>
      <subfield code="e">author</subfield>
   </datafield>
   <datafield ind2=" " ind1=" " tag="720">
      <subfield code="a">Bombuy, Ernest</subfield>
      <subfield code="e">author</subfield>
   </datafield>
   <datafield ind2=" " ind1=" " tag="720">
      <subfield code="a">Memba, Robert</subfield>
      <subfield code="e">author</subfield>
   </datafield>
   <datafield ind2=" " ind1=" " tag="720">
      <subfield code="a">Jorba, Rosa</subfield>
      <subfield code="e">author</subfield>
   </datafield>
   <datafield ind2=" " ind1=" " tag="260">
      <subfield code="c">2025</subfield>
   </datafield>
   <datafield ind2=" " ind1=" " tag="520">
      <subfield code="a">Acute pancreatitis (AP) presents a significant clinical challenge due to its wide range of severity, from mild cases to life-threatening complications such as severe acute pancreatitis (SAP), necrosis, and multi-organ failure. Traditional scoring systems, such as Ranson and BISAP, offer foundational tools for risk stratification but often lack early precision. This review aims to explore the transformative role of artificial intelligence (AI) and machine learning (ML) in AP management, focusing on their applications in diagnosis, severity prediction, complication management, and treatment optimization. A comprehensive analysis of recent studies was conducted, highlighting ML models such as XGBoost, neural networks, and multimodal approaches. These models integrate clinical, laboratory, and imaging data, including radiomics features, and are useful in diagnostic and prognostic accuracy in AP. Special attention was given to models addressing SAP, complications like acute kidney injury and acute respiratory distress syndrome, mortality, and recurrence. AI-based models achieved higher AUC values than traditional models in predicting acute pancreatitis outcomes. XGBoost reached an AUC of 0.93 for early SAP prediction, higher than BISAP (AUC 0.74) and APACHE II (AUC 0.81). PrismSAP, integrating multimodal data, achieved the highest AUC of 0.916. AI models also demonstrated superior accuracy in mortality prediction (AUC 0.975) and ARDS detection (AUC 0.891) AI and ML represent a transformative advance in AP management, facilitating personalized treatment, early risk stratification, and allowing resource utilization to be optimized. By addressing challenges such as model generalizability, ethical considerations, and clinical adoption, AI has the potential to significantly improve patient outcomes and redefine AP care standards globally.</subfield>
   </datafield>
   <datafield ind1="8" ind2=" " tag="024">
      <subfield code="a">http://hdl.handle.net/2072/488269</subfield>
   </datafield>
   <datafield tag="653" ind2=" " ind1=" ">
      <subfield code="a">Artificial intelligence</subfield>
   </datafield>
   <datafield tag="653" ind2=" " ind1=" ">
      <subfield code="a">Machine learning</subfield>
   </datafield>
   <datafield tag="653" ind2=" " ind1=" ">
      <subfield code="a">Acute pancreatitis</subfield>
   </datafield>
   <datafield tag="653" ind2=" " ind1=" ">
      <subfield code="a">Severity</subfield>
   </datafield>
   <datafield tag="653" ind2=" " ind1=" ">
      <subfield code="a">Personalized medicine</subfield>
   </datafield>
   <datafield ind2="0" ind1="0" tag="245">
      <subfield code="a">AI and Machine Learning for Precision Medicine in Acute Pancreatitis : A Narrative Review</subfield>
   </datafield>
</record></metadata></record></GetRecord></OAI-PMH>